| 000 | 00421nam a2200157Ia 4500 | ||
|---|---|---|---|
| 008 | 230718s9999 xx 000 0 und d | ||
| 041 | _aeng | ||
| 082 |
_a294.5'5 _bYOG |
||
| 100 |
_aYogananda P. _9107579 |
||
| 245 | _aAutobiography Of A Yogi | ||
| 260 |
_c2005 _bEnglish Edition |
||
| 300 | _a492 | ||
| 365 |
_cRs. _b200.00 |
||
| 700 |
_aYogananda P. _9107579 |
||
| 906 |
_dO:0043702-Jan-2010B:59230-Oct-2009 _cGENRL _b40 |
||
| 999 |
_c323305 _d323305 |
||